| 000 -ლიდერი |
| ფიქსირებული სიგრძის საკონტროლო ველი |
00999nam a2200229Ia 4500 |
| 001 - საკონტროლო ნომერი |
| საკონტროლო ველი |
1170 |
| 003 - საკონტროლო ნომრის იდენტიფიკატორი |
| საკონტროლო ველი |
GE_BSU |
| 005 - ბოლო ოპერაციის თარიღი და დრო |
| საკონტროლო ველი |
20250417165310.0 |
| 008 - ფიქსირებული სიგრძის მონაცემთა ელემენტები - ზოგადი ინფორმაცია |
| ფიქსირებული სიგრძის საკონტროლო ველი |
181216s1978||||ge |||||||||||||| ||geo|| |
| 040 ## - კატალოგიზაციის წყარო |
| Transcribing agency |
GE_BSU |
| 041 ## - ენის კოდი |
| Language code of text/sound track or separate title |
geo |
| 080 ## - უნივერსალური ათობითი კლასიფიკაციის ინდექსი |
| Universal Decimal Classification number |
581.2(075.8) ყ–261 |
| 100 ## - მთავარი ჩანაწერი - პიროვნების სახელი |
| Personal name |
ყანჩაველი, ლ. |
| 9 (RLIN) |
24871 |
| 245 ## - ცნობა სათაურის შესახებ |
| Title |
ზოგადი ფიტოპათოლოგია |
| Remainder of title |
იმუნიტეტისა და მიკოლოგიის საფუძვლებით : [სახელმძღვ. სას.-სამ. ინ-ტის სტუდენტებისათვის] / |
| Statement of responsibility, etc |
ლ. ყანჩაველი. |
| 264 ## - წარმოების, გამოცემის, დისტრიბუციის და სხვა ცნობები |
| გამოცემის, წარმოების, დისტრიბუციის... ადგილი |
თბილისი : |
| გამოცემის, წარმოების, დისტრიბუციის... სახელწოდება |
განათლება, |
| გამოცემის, წარმოების, დისტრიბუციის... თარიღი |
1978. |
| 300 ## - ფიზიკური აღწერა |
| Extent |
382 გვ. : |
| Other physical details |
ილ. ; |
| Dimensions |
21 სმ. |
| 653 ## - INDEX TERM--UNCONTROLLED |
| Uncontrolled term |
ზოგადი ფიტოპათოლოგია |
| 653 ## - INDEX TERM--UNCONTROLLED |
| Uncontrolled term |
იმუნიზაცია |
| 653 ## - INDEX TERM--UNCONTROLLED |
| Uncontrolled term |
მიკოლოგია |
| 942 ## - ADDED ENTRY ELEMENTS (KOHA) |
| Koha item type |
წიგნი |
| Source of classification or shelving scheme |
|